Tikkana kaḷā sāmrājyamu. (Record no. 86328)
[ view plain ]
| 000 -LEADER | |
|---|---|
| fixed length control field | 00711cam a22002411 4500 |
| 001 - CONTROL NUMBER | |
| control field | sa 68015237 |
| 003 - CONTROL NUMBER IDENTIFIER | |
| control field | DLC |
| 005 - DATE AND TIME OF LATEST TRANSACTION | |
| control field | 20260227112642.0 |
| 008 - FIXED-LENGTH DATA ELEMENTS--GENERAL INFORMATION | |
| fixed length control field | 890731s1968 ii 000 0 telo |
| 010 ## - LIBRARY OF CONGRESS CONTROL NUMBER | |
| LC control number | sa 68015237 |
| 035 ## - SYSTEM CONTROL NUMBER | |
| System control number | (OCoLC)20105440 |
| 040 ## - CATALOGING SOURCE | |
| Original cataloging agency | DLC |
| Transcribing agency | WaU |
| Modifying agency | DLC |
| 042 ## - AUTHENTICATION CODE | |
| Authentication code | premarc |
| 050 00 - LIBRARY OF CONGRESS CALL NUMBER | |
| Classification number | PK3639 |
| Item number | .V9 |
| 100 1# - MAIN ENTRY--PERSONAL NAME | |
| Personal name | Vyasamurty, Kaluri, |
| Dates associated with a name | 1906- |
| 245 10 - TITLE STATEMENT | |
| Title | Tikkana kaḷā sāmrājyamu. |
| 260 ## - PUBLICATION, DISTRIBUTION, ETC. | |
| Date of publication, distribution, etc. | [1968] |
| 300 ## - PHYSICAL DESCRIPTION | |
| Extent | ii, 4, 159 p. |
| Dimensions | 19 cm. |
| 500 ## - GENERAL NOTE | |
| General note | Includes the text of Tikkana's Udyōgaparvamu, a version of the Udyogaparva of the Mahābhārata. |
| 500 ## - GENERAL NOTE | |
| General note | In Telugu. |
| 630 00 - SUBJECT ADDED ENTRY--UNIFORM TITLE | |
| Uniform title | Mahābhārata. |
| Name of part/section of a work | Udyogaparva. |
| 700 0# - ADDED ENTRY--PERSONAL NAME | |
| Personal name | Tikkana, |
| Dates associated with a name | 1220-1300. |
| Title of a work | Udyōgaparvamu. |
No items available.